书目信息 |
| 题名: |
毛里塔尼亚史
|
|
| 作者: | 德西雷-维耶曼 著 ;上海外国语学院德法语系法语组 译 | |
| 分册: | 上册 | |
| 出版信息: | 上海 上海人民出版社 1977 |
|
| 页数: | 423页 | |
| 开本: | 20cm | |
| 丛书名: | ||
| 单 册: | ||
| 中图分类: | K431.5 | |
| 科图分类: | ||
| 主题词: | 西非--历史 | |
| 电子资源: | ||
| ISBN: | ||
| 000 | 00795nam0 2200241 45 | |
| 001 | 0177000422 | |
| 005 | 20060725173509.39 | |
| 010 | @dCNY2.30 | |
| 091 | @a11171.129 | |
| 100 | @a19951017d1977 em y0chiy0121 ea | |
| 101 | 1 | @achi@cfre |
| 102 | @aCN@b310000 | |
| 105 | @ay z 000yy | |
| 200 | 10 | @a毛里塔尼亚史@h上册@Amao li ta ni ya shi@e1900-1934年@f(法)G.德西雷-维耶曼著@g上海外国语学院德法语系法语组译 |
| 210 | @a上海@c上海人民出版社@d1977 | |
| 215 | @a423页@d20cm | |
| 606 | 0 | @a西非@x历史 |
| 690 | @aK431.5@v4 | |
| 701 | 1 | @a德西雷-维耶曼@Ade xi lei - wei ye man@bG.@4著 |
| 712 | 02 | @a上海外国语学院德法语系法语组@Ashang hai wai guo yu xue yuan fa yu xi de fa yu zu@4译 |
| 801 | 2 | @aCN@bNLC@c20060725 |
| 801 | 0 | @aCN@b广东省中山图书馆@c20060410 |
| 905 | @f1@b22569@dK431.5@e15:1 | |
| 毛里塔尼亚史.上册:1900-1934年/(法)G.德西雷-维耶曼著/上海外国语学院德法语系法语组译.-上海:上海人民出版社,1977 |
| 423页;20cm |
| ISBN :CNY2.30 |
| ● |
| 相关链接 |
|
|
|
|
正题名:毛里塔尼亚史
索取号:K431.5/15:1
 
预约/预借
| 序号 | 登录号 | 条形码 | 馆藏地/架位号 | 状态 | 备注 |
| 1 | 0022569 | 001895658 | 第二借阅区/ [索取号:K431.5/15:1] | 在馆 | |
| 2 | 0228294 | 001396064 | 第二样本阅览室/ [索取号:K431.5/15:1] | 在馆 | |
| 3 | 0436287 | 204362876 | 密集书库/ [索取号:K431.5/15:1] | 在馆 |